|
|
|
|
| LEADER |
00000nam0a2200000 4500 |
| 001 |
81689 |
| 005 |
20231031095247.0 |
| 010 |
|
|
|a 5699128204
|
| 035 |
|
|
|a (RuTPU)RU\TPU\book\87798
|
| 090 |
|
|
|a 81689
|
| 100 |
|
|
|a 20050922d2005 m y0rusy50 ca
|
| 101 |
0 |
|
|a rus
|
| 102 |
|
|
|a RU
|
| 105 |
|
|
|a ac z 000zb
|
| 200 |
1 |
|
|a Увидеть Путина и умереть
|e документальные истории
|f А. И. Колесников
|
| 210 |
|
|
|a Москва
|c Эксмо
|d 2005
|
| 215 |
|
|
|a 639 с.
|c ил.
|
| 330 |
|
|
|a Владимир Путин как лирический герой книги документальных рассказов спецкора ИД «КоммерсантЪ» Андрея Колесникова вызывает смешанные чувства: оторопь, изумление, сожаление, веселье. Человеческое сострадание среди них — не на последнем месте. В книгу включены репортажи Андрея Колесникова из Беслана — как имеющие прямое отношение к главному герою повествования. Книга «Увидеть Пугина и умереть» является последовательным и твердым продолжением дилогии «Я Путина видел!» и «Меня Путин видел!».
|
| 600 |
|
1 |
|a Путин
|g Владимир Владимирович
|b В. В.
|c российский государственный деятель
|c президент РФ
|f 1952-
|2 stltpui
|3 (RuTPU)RU\TPU\pers\988
|
| 606 |
1 |
|
|a Государственные и политические деятели Российской Федерации
|x Внутренняя политика
|x Персоналии
|2 stltpush
|3 (RuTPU)RU\TPU\subj\68275
|
| 610 |
1 |
|
|a политика
|
| 610 |
1 |
|
|a политические деятели
|
| 610 |
1 |
|
|a политические биографии
|
| 610 |
1 |
|
|a Российская Федерация
|
| 610 |
1 |
|
|a Президент
|
| 610 |
1 |
|
|a публицистика
|
| 610 |
1 |
|
|a репортажи
|
| 686 |
|
|
|a Ф3(2)8
|v LBC/SL-A
|2 rubbk
|
| 700 |
|
1 |
|a Колесников
|b А. И.
|g Андрей Иванович
|
| 801 |
|
1 |
|a RU
|b 63413507
|c 20050922
|g PSBO
|
| 801 |
|
2 |
|a RU
|b 63413507
|c 20140203
|g PSBO
|
| 942 |
|
|
|c BK
|